000 00332pab a2200145 454500
008 180718b1998 xxu||||| |||| 00| 0 eng d
100 _aShantibala, K.
245 _aParaphiliacs and sexual offences
260 _c1998
300 _ap.29-31
362 _aJul
650 _aSexual abuse
773 _aCBI Bulletin
909 _a38826
999 _c38826
_d38826